"Orvos talán még nem szenvedett annyit, mint Machánszky László" Dr. Erdélyi Jenő emlékbeszéde az Orvosszövetségben Machánszky Lászlóról : [részletes megemlékezés]
Elmentve itt :
| Dokumentumtípus: | Cikk |
|---|---|
| Megjelent: |
1929-06-16
|
| Sorozat: | Délmagyarország
5 No. 134 |
| Kulcsszavak: | Erdélyi Jenő, Machánszky László, Haláleset |
| Online Access: | http://dmarchiv.bibl.u-szeged.hu/38580 |
| LEADER | 00589nab a2200145 i 4500 | ||
|---|---|---|---|
| 001 | delm38580 | ||
| 005 | 20180927130105.0 | ||
| 008 | 180927s1929 hu o 0|| hun d | ||
| 040 | |a SZTE Délmagyarország Archívum |b hun | ||
| 041 | |a hun | ||
| 245 | 0 | 0 | |a "Orvos talán még nem szenvedett annyit, mint Machánszky László" |h [elektronikus dokumentum] : |b Dr. Erdélyi Jenő emlékbeszéde az Orvosszövetségben Machánszky Lászlóról : [részletes megemlékezés] |
| 260 | |c 1929-06-16 | ||
| 300 | |a 3-4 | ||
| 490 | 0 | |a Délmagyarország |v 5 No. 134 | |
| 695 | |a Erdélyi Jenő, Machánszky László, Haláleset | ||